| 000 | 00814cam a2200217 4500 | ||
|---|---|---|---|
| 001 | WB3645-25 | ||
| 008 | 000000n2000 000 0 eng u | ||
| 035 | _a(Sirsi) u109362 | ||
| 245 | _aConditional discharge | ||
| 260 | _c2000 | ||
| 490 |
_aEstates Gazette _v(0045) 11 November 2000, 174(1) |
||
| 520 | _aWith reference to the CA decision in "Jolley v Carmel Ltd", discusses how previous decisions on the construction of commercial contracts cannot be seen as setting binding precedents, and that when parties do not choose certainty, the court can interpret this as a wish for flexibility. | ||
| 590 | _aWB | ||
| 650 | _aJOLLEY V CARMEL LTD | ||
| 650 | _aCONDITIONAL CONTRACTS | ||
| 650 | _aDRAFTING | ||
| 650 | _aPLANNING PERMISSION | ||
| 650 | _aSALE OF LAND | ||
| 690 | _aPROPERTY | ||
| 942 | _n0 | ||
| 999 |
_c65280 _d65280 |
||